| 000 | 00888nas a2200301 4500 | ||
|---|---|---|---|
| 001 | BR2016001424 | ||
| 003 | BR-BrBNA | ||
| 005 | 20231205130255.0 | ||
| 007 | ta | ||
| 008 | 230509b bl.|||p| |||| 00| 00por d | ||
| 040 |
_aBR-BrBNA _bpor _cBiblioteca Nacional de Agricultura |
||
| 041 | _a(Pt) | ||
| 072 | _aT01 | ||
| 100 | 1 | _aMattos, A.G. de | |
| 100 | 1 | _aAmaral Sobrinho, N.M.B. do | |
| 100 | 1 | _aLima, E.S.A. | |
| 100 | 1 | _aGuedes, J. do N. | |
| 100 | 1 | _aSousa, F.F. de | |
| 245 | 1 | _aSorção de Cd e Pb nos solos da região do Médio Rio Paraíba - RJ, Brasil | |
| 650 | _aMETAL PESADO | ||
| 650 | _aCADMIO | ||
| 650 | _aCHUMBO | ||
| 650 | _aSORCAO | ||
| 650 | _aRIO DE JANEIRO | ||
| 773 | 0 |
_tRevista Ciência Agronômica (Brazil) _xISSN 0045-6888 _g(Jan-Mar 2016), v. 47(1) p. 1-12 _wBR2016001424 |
|
| 909 |
_a202311 _bLúcia _c55 _dLúcia Elande |
||
| 942 |
_2AGRIS _n0 _cANA |
||
| 999 |
_c248578 _d248578 |
||